书目信息 |
| 题名: |
大学英语全新版阅读教程
|
|
| 作者: | 邱东林 主编 | |
| 分册: | 5 学生用书 | |
| 出版信息: | 上海 上海外语教育出版社 2003.8 |
|
| 页数: | 181页 | |
| 开本: | 24cm | |
| 丛书名: | 大学英语系列教材 | |
| 单 册: | ||
| 中图分类: | H319.4 | |
| 科图分类: | ||
| 主题词: | 英语--阅读教学--高等学校--教学参考资料 | |
| 电子资源: | ||
| ISBN: | 7-81080-925-3 | |
| 000 | 00983nam2 2200277 45 | |
| 001 | 012004000000 | |
| 005 | 20041202104549.26 | |
| 010 | @a7-81080-925-3@dCNY 13.30 | |
| 100 | @a20041009d2003 em y0chiy0121 ea | |
| 101 | 0 | @achi@aeng |
| 102 | @aCN@b310000 | |
| 105 | @aa z 000yy | |
| 200 | 1 | @a大学英语全新版阅读教程@Ada xue ying yu quan xin ban zong he jiao cheng@dCollege English reading course@h5@i学生用书@iStudent's book@e通用本@f邱东林主编@zeng |
| 210 | @a上海@c上海外语教育出版社@d2003.8 | |
| 215 | @a181页@c图表@d24cm | |
| 225 | 2 | @a大学英语系列教材 |
| 300 | @a普通高等教育“十五”国家级规划教材 教育部推荐使用大学外语类教材 | |
| 320 | @a本书含附录 | |
| 410 | 0 | @12001 @a大学英语系列教材 |
| 510 | 1 | @aCollege English reading course@iStudent's book@zeng |
| 517 | 1 | @a学生用书 |
| 606 | 0 | @a英语@x阅读教学@x高等学校@j教学参考资料 |
| 690 | @aH319.4@v4 | |
| 701 | 0 | @a邱东林@Aqiu dong lin@4主编 |
| 801 | 0 | @aCN@bQSSKt@c20041202 |
| 905 | @a10447@dH319.4@eQ710 | |
| 大学英语全新版阅读教程=College English reading course.5.学生用书.Student's book:通用本/邱东林主编.-上海:上海外语教育出版社,2003.8 |
| 181页:图表;24cm.-(大学英语系列教材) |
| 普通高等教育“十五”国家级规划教材 教育部推荐使用大学外语类教材 |
| ISBN 7-81080-925-3:CNY 13.30 |
| ● |
| 相关链接 |
|
|
|
正题名:大学英语全新版阅读教程
索取号:H319.4/Q710
 
预约/预借
| 序号 | 登录号 | 条形码 | 馆藏地/架位号 | 状态 | 备注 |
| 1 | 429213 | 204292130 | 语言库209/209语言库 48排1列1层/ [索取号:H319.4/Q710] | 在馆 | |
| 2 | 429214 | 204292149 | 语言库209/209语言库 48排1列1层/ [索取号:H319.4/Q710] | 在馆 |